The making of a church : (Registro nro. 63043)

Detalles MARC
000 -LEADER
campo de control de longitud fija 01550nam a2200301Ii 4500
001 - NÚMERO DE CONTROL
campo de control 915102691
003 - IDENTIFICADOR DE NÚMERO DE CONTROL
campo de control PE-LiUPU
005 - FECHA Y HORA DE LA ÚLTIMA TRANSACCIÓN
campo de control 20250917103719.0
008 - DATOS DE LONGITUD FIJA--INFORMACIÓN GENERAL
campo de control de longitud fija 150729s2015 pe b 000 0 eng d
020 ## - NÚMERO INTERNACIONAL ESTÁNDAR DEL LIBRO
Número Internacional Estándar del Libro 9789972604393
035 ## - NÚMERO DE CONTROL DEL SISTEMA
Número de control de sistema (OCoLC)915102691
040 ## - FUENTE DE CATALOGACIÓN
Centro catalogador/agencia de origen EXN
Lengua de catalogación eng
Normas de descripción rda
Centro/agencia transcriptor PE-LiUPU
Centro/agencia modificador PE-LiUPU
049 ## - FONDOS LOCALES (OCLC)
Biblioteca depositaria EXNs
-- EXNh
082 ## - NÚMERO DE LA CLASIFICACIÓN DECIMAL DEWEY
Número de edición 23
Número de clasificación 286.732
Cutter G643m
090 ## - LOCALMENTE ASIGNADO TIPO-LC NÚMERO DE CLASIFICACIÓN (OCLC); NÚMERO DE CLASIFICACIÓN LOCAL (RLIN)
Número de clasificación (OCLC) (R) ; Numero de clasificación, CALL (RLIN) (NR) BX6126
Número cutter local (OCLC) ; Número de libro/Signatura topográfica íntegra, CALL (RLIN) .G66 2015
100 ## - ENTRADA PRINCIPAL--NOMBRE DE PERSONA
Nombre de persona González, Ricardo A.,
Término indicativo de función/relación autor.
9 (RLIN) 6829
245 14 - MENCIÓN DEL TÍTULO
Título The making of a church :
Resto del título Ellen G. White's views on church government 1844-1888 /
Mención de responsabilidad, etc. Ricardo A. González.
264 #1 - PRODUCCIÓN, PUBLICACIÓN, DISTRIBUCIÓN, FABRICACIÓN Y COPYRIGHT
Producción, publicación, distribución, fabricación y copyright Lima, Peru :
Nombre del de productor, editor, distribuidor, fabricante Universidad Peruana Unión, Fondo editorial,
Fecha de producción, publicación, distribución, fabricación o copyright 2015.
300 ## - DESCRIPCIÓN FÍSICA
Extensión 239 pages ;
Dimensiones 24 cm
336 ## - TIPO DE CONTENIDO
Término de tipo de contenido text
Código de tipo de contenido txt
Fuente rdacontent.
337 ## - TIPO DE MEDIO
Nombre/término del tipo de medio unmediated
Código del tipo de medio n
Fuente rdamedia.
338 ## - TIPO DE SOPORTE
Nombre/término del tipo de soporte volume
Código del tipo de soporte nc
Fuente rdacarrier.
504 ## - NOTA DE BIBLIOGRAFÍA, ETC.
Nota de bibliografía, etc. Incluye referencias bibliográficas (páginas 221-239)
505 0# - NOTA DE CONTENIDO CON FORMATO
Nota de contenido con formato Introduction -- The rise of Sabbatarian Adventism: a historical and organizational background -- Ellen G. White's early views on church order, 1849-1853 -- Ellen G. White and church order in the organization of the administrative structure of the church, 1854-1863 --Ellen G. White and church order in the development of the administrative structure of the Seventh-day Adventist Church, 1863-1888 -- Summary and conclusion.
610 14 - PUNTO DE ACCESO ADICIONAL DE MATERIA--NOMBRE DE ENTIDAD CORPORATIVA
Nombre de entidad corporativa o nombre de jurisdicción como elemento de entrada Iglesia Adventista del Séptimo Día
Subdivisión general Gobierno
-- Historia
Subdivisión cronológica Siglo XIX.
9 (RLIN) 4265
942 ## - ELEMENTOS DE ENTRADA SECUNDARIOS (KOHA)
Fuente del sistema de clasificación o colocación Clasificación Decimal Dewey
Tipo de ítem Koha Libros físicos
Suprimir en OPAC No
980 ## - EQUIVALENCIA O REFERENCIA-CRUZADA-MENCIÓN DE SERIE--NOMBRE DE PERSONA/TÍTULO [LOCAL, CANADÁ]
ID del usuario creador del registro 18226
Nombre del creador del registro Jaime Vilcazán Jefe de Análisis Documental
ID del último usuario que modificó el registro 18226
Nombre del último usuario que modificó el registro Jaime Vilcazán Jefe de Análisis Documental
Existencias
Visto por última vez Total de préstamos Signatura topográfica completa Código de barras Copia número Coste, precio de reemplazo Fecha de reemplazo Facultad Tipo de ítem Koha Estado de pérdida Fuente del sistema de clasificación o colocación Restricciones de uso No para préstamo Colección Programa académico Biblioteca de origen Biblioteca actual Ubicación en estantería Fecha de adquisición Fuente de adquisición
2025-12-02   286.732 G643m 82727 e1 20.00 2025-09-17 Teología Libros físicos No Perdido Clasificación Decimal Dewey No restringido Disponible para préstamos Colección General Teología Biblioteca CRAI UPeU Lima Biblioteca CRAI UPeU Lima Sala principal 2025-09-10 Donación, UNACH